[Event "II Liga CS - Zapad"]
[Site "Vrnjacka banja"]
[Date "2008.09.21"]
[Round "2.2"]
[White "Stojanovic, Dobrisav"]
[Black "Muratovic, Efim"]
[Result "1/2-1/2"]
[WhiteElo "2346"]
[BlackElo "2306"]
[PlyCount "73"]
[EventDate "2008.09.14"]

1. d4 Nf6 2. c4 g6 3. Nc3 Bg7 4. e4 d6 5. Nf3 O-O 6. Be2 e5 7. O-O Nc6 8. d5
Ne7 9. b4 Nh5 10. Re1 Nf4 11. Bf1 Bg4 12. h3 Bxf3 13. Qxf3 f5 14. Bxf4 fxe4 15.
Rxe4 g5 16. c5 gxf4 17. Rc1 Nf5 18. Bd3 Rf6 19. Qh5 Nd4 20. Rxd4 Rh6 21. Qg4
exd4 22. Nb5 Kh8 23. cxd6 cxd6 24. Rc7 Be5 25. Rxb7 f3 26. Qxf3 Qg5 27. Rc7 Qd2
28. Qe2 Qf4 29. Qg4 Qxg4 30. hxg4 a6 31. Na7 Rh4 32. Nc6 Re8 33. g3 Rxg4 34.
Rxh7+ Kg8 35. Ne7+ Kf8 36. Nf5 Rg8 37. Nh6 1/2-1/2

[Event "II Liga CS - Zapad"]
[Site "Vrnjacka banja"]
[Date "2008.09.21"]
[Round "2.2"]
[White "Mrsevic, Miroslav"]
[Black "Marcetic, Predrag"]
[Result "1-0"]
[WhiteElo "2309"]
[BlackElo "2212"]
[PlyCount "117"]
[EventDate "2008.09.14"]

1. e4 e6 2. Qe2 c5 3. g3 Nc6 4. Bg2 d6 5. Nf3 g6 6. c3 Bg7 7. O-O Nge7 8. Na3
O-O 9. Nc2 e5 10. Rd1 Bg4 11. h3 Bxf3 12. Bxf3 f5 13. d3 d5 14. Ne3 fxe4 15.
dxe4 d4 16. Bg2 Qd6 17. Ng4 Qe6 18. h4 Kh8 19. Bg5 Ng8 20. f3 h6 21. Bd2 Rf7
22. c4 Raf8 23. b3 Kh7 24. Nf2 Nf6 25. Nd3 b6 26. Kh2 Nh5 27. Rg1 Qe7 28. Raf1
Nf6 29. Bh3 a5 30. a3 Ne8 31. Rf2 Nd6 32. a4 Bf6 33. Kg2 Kg7 34. Kf1 Nb4 35.
Bxb4 cxb4 36. c5 bxc5 37. Nxc5 Nf5 38. exf5 Qxc5 39. fxg6 Kxg6 40. Be6 Re7 41.
Qe4+ Kg7 42. Rc2 Qd6 43. Rc6 Rxe6 44. Qg4+ Kf7 45. Qh5+ Ke7 46. Rxd6 Rxd6 47.
Rg2 Bg7 48. Rc2 d3 49. Rd2 e4 50. Qg4 Re6 51. Qxg7+ Rf7 52. Qd4 Rxf3+ 53. Kg2
Rf5 54. Qa7+ Kf6 55. Qe3 Kg6 56. Rxd3 Rf3 57. h5+ Kxh5 58. Qc5+ Kg4 59. Qc8 1-0

[Event "II Liga CS - Zapad"]
[Site "Vrnjacka banja"]
[Date "2008.09.21"]
[Round "2.2"]
[White "Dolovic, Dusko"]
[Black "Kahrovic, Mersid"]
[Result "0-1"]
[WhiteElo "2199"]
[BlackElo "2259"]
[PlyCount "101"]
[EventDate "2008.09.14"]

1. Nf3 Nf6 2. d4 d5 3. c4 e6 4. Nc3 Be7 5. Bf4 c6 6. e3 Nbd7 7. h3 Nf8 8. Bd3
dxc4 9. Bxc4 Ng6 10. Bh2 O-O 11. O-O b6 12. Qe2 Bb7 13. Rfd1 Bd6 14. Ne5 Qe7
15. Ba6 Rac8 16. Rac1 Bb8 17. Rc2 Nd5 18. Bxb7 Qxb7 19. a3 Nge7 20. Nd3 Rfd8
21. Bxb8 Qxb8 22. Rdc1 Nf6 23. b4 Nd7 24. Qh5 Nf6 25. Qf3 Nd7 26. Ne4 h6 27.
Qf4 Qxf4 28. Nxf4 e5 29. Ne2 exd4 30. Nxd4 Nb8 31. g4 Rc7 32. Kg2 Rcd7 33. Ng3
g6 34. h4 Rd5 35. h5 a5 36. Ne4 Kg7 37. hxg6 Kxg6 38. f4 f5 39. Nc3 Rxd4 40.
exd4 axb4 41. Re2 Kf7 42. Rce1 Ng6 43. axb4 Nxf4+ 44. Kf3 Nxe2 45. Nxe2 fxg4+
46. Kxg4 Na6 47. Rb1 Rd5 48. Rf1+ Kg7 49. Rb1 b5 50. Kf3 Nc7 51. Ke4 0-1

[Event "II Liga CS - Zapad"]
[Site "Vrnjacka banja"]
[Date "2008.09.21"]
[Round "2.2"]
[White "Dumic, Marko"]
[Black "Djokovic, Nebojsa"]
[Result "0-1"]
[WhiteElo "2215"]
[BlackElo "2158"]
[PlyCount "82"]
[EventDate "2008.09.14"]

1. d4 d5 2. c4 e5 3. dxe5 d4 4. Nf3 Nc6 5. g3 Bf5 6. a3 a5 7. Bg2 Bc5 8. O-O
Nge7 9. Nbd2 Ng6 10. Nb3 Ba7 11. c5 d3 12. exd3 a4 13. Bg5 Qxd3 14. Nbd2 Bxc5
15. Rc1 Ba7 16. Rc3 Qd7 17. Be3 O-O 18. Bxa7 Rxa7 19. Re1 Rd8 20. Qc1 Raa8 21.
Ne4 Bxe4 22. Rxe4 Qd1+ 23. Re1 Qxc1 24. Rcxc1 Re8 25. e6 f6 26. h4 Ra5 27. Rc4
Re7 28. h5 Nf8 29. Nd4 Nxd4 30. Rxd4 c6 31. h6 gxh6 32. Rd8 Kg7 33. Re4 f5 34.
Rb4 Nxe6 35. Rb8 Ra7 36. Bh3 Kf6 37. Rh4 Kg6 38. Bf1 b5 39. Rb6 Rac7 40. Bg2
Ng5 41. Bxc6 Kg7 0-1

[Event "II Liga CS - Zapad"]
[Site "Vrnjacka banja"]
[Date "2008.09.21"]
[Round "2.2"]
[White "Mijanovic, Dragan"]
[Black "Sadikovic, Samir"]
[Result "1/2-1/2"]
[WhiteElo "2115"]
[BlackElo "2202"]
[PlyCount "78"]
[EventDate "2008.09.14"]

1. d4 d5 2. Nf3 Bf5 3. b3 Nc6 4. a3 e6 5. Bb2 Nf6 6. Nbd2 Be7 7. e3 O-O 8. Be2
a6 9. O-O Ne4 10. Rc1 Bf6 11. Ne5 Nxe5 12. dxe5 Be7 13. f3 Nxd2 14. Qxd2 c6 15.
Rfd1 Bc5 16. b4 Be7 17. c4 f6 18. g4 Bg6 19. cxd5 exd5 20. f4 Be4 21. h3 fxe5
22. Bxe5 Bf6 23. Bxf6 Qxf6 24. g5 Qe7 25. Bg4 Rae8 26. Re1 Qf7 27. Kh2 Qc7 28.
Kg3 Re7 29. a4 Rfe8 30. Qd4 Qd6 31. h4 Rf8 32. Rf1 Rfe8 33. Rc3 Bg6 34. Bf3 Bf5
35. b5 axb5 36. axb5 Bd7 37. Bg2 Qe6 38. f5 Qd6+ 39. Qf4 Rxe3+ 1/2-1/2

[Event "II Liga CS - Zapad"]
[Site "Vrnjacka banja"]
[Date "2008.09.21"]
[Round "2.2"]
[White "Brajovic, Miroljub D"]
[Black "Jelisavcic, Srdjan"]
[Result "0-1"]
[WhiteElo "2141"]
[BlackElo "2117"]
[PlyCount "67"]
[EventDate "2008.09.14"]

1. e4 e5 2. d4 exd4 3. c3 dxc3 4. Nxc3 d6 5. Bc4 Nc6 6. Nf3 Nf6 7. Qb3 Qd7 8.
Be2 Be7 9. O-O O-O 10. Bg5 h6 11. Bh4 Nh5 12. Nd5 Bxh4 13. Nxh4 Qd8 14. Bxh5
Qxh4 15. Qd1 Qd8 16. Rc1 Be6 17. f4 Bxd5 18. exd5 Nb8 19. f5 Nd7 20. Rc3 Nf6
21. Bf3 Rc8 22. Qa4 a6 23. Rfc1 Re8 24. Qa5 Re7 25. Qb4 b6 26. g4 Qe8 27. Kg2
Ne4 28. Re3 Nc5 29. Rxe7 Qxe7 30. Qd2 a5 31. Re1 Qf6 32. Kg3 Nd7 33. h4 Ne5 34.
Be2 0-1

[Event "II Liga CS - Zapad"]
[Site "Vrnjacka banja"]
[Date "2008.09.21"]
[Round "2.3"]
[White "Sredojevic, Ivan"]
[Black "Raicevic, Momcilo"]
[Result "0-1"]
[WhiteElo "2396"]
[BlackElo "2359"]
[PlyCount "80"]
[EventDate "2008.09.14"]

1. e4 g6 2. d4 Bg7 3. Nc3 d6 4. Be3 Nd7 5. Qd2 a6 6. f3 e6 7. h4 h6 8. g4 Ne7
9. Nge2 b5 10. a4 b4 11. Na2 Rb8 12. Nxb4 c5 13. Nd3 c4 14. Ndc1 Rxb2 15. Qc3
Rb8 16. Qxc4 d5 17. Qa2 dxe4 18. fxe4 Nf6 19. Bf4 Ra8 20. e5 Nxg4 21. Bg2 Nd5
22. c4 Nb4 23. Qd2 Rb8 24. h5 g5 25. Bg3 Ne3 26. Bc6+ Bd7 27. Be4 Nxc4 28. Qc3
Qc8 29. O-O Bc6 30. Bb1 Ba8 31. Nd3 Nd5 32. Qc1 Qc6 33. Ne1 Nde3 34. Rf3 O-O
35. Nc3 Qd7 36. d5 Nxd5 37. Nxd5 Qxd5 38. Qc2 Rxb1 39. Rxb1 Nxe5 40. Bxe5 Qxe5
0-1

[Event "II Liga CS - Zapad"]
[Site "Vrnjacka banja"]
[Date "2008.09.21"]
[Round "2.3"]
[White "Jovanovic, Nenad R"]
[Black "Gajic, Branko"]
[Result "1-0"]
[WhiteElo "2353"]
[BlackElo "2159"]
[PlyCount "49"]
[EventDate "2008.09.14"]

1. Nf3 d5 2. b3 Nf6 3. Bb2 c6 4. g3 Bg4 5. Bg2 Nbd7 6. O-O e6 7. d3 Bd6 8. Nbd2
O-O 9. h3 Bh5 10. e4 Qc7 11. Qe2 e5 12. g4 Bg6 13. Nh4 Rfe8 14. Nf5 Bc5 15. Nf3
d4 16. N3h4 Nf8 17. f4 exf4 18. Bxd4 Bxd4+ 19. Nxd4 Qd8 20. Qf2 h5 21. g5 N6h7
22. Ne2 Qxg5 23. Nxf4 Re7 24. Kh1 Ne6 25. Nhxg6 1-0

[Event "II Liga CS - Zapad"]
[Site "Vrnjacka banja"]
[Date "2008.09.21"]
[Round "2.3"]
[White "Cabarkapa, Miomir"]
[Black "Lukic, Dragan M"]
[Result "0-1"]
[WhiteElo "2173"]
[BlackElo "2236"]
[PlyCount "68"]
[EventDate "2008.09.14"]

1. Nf3 d5 2. d4 Nf6 3. c4 e6 4. Nc3 c6 5. Bg5 dxc4 6. e3 b5 7. Ne5 Bb7 8. Be2
Nbd7 9. f4 Qc7 10. O-O a6 11. Bh5 g6 12. Bf3 Bg7 13. Qe1 h6 14. Bh4 O-O 15. Rd1
c5 16. Qe2 cxd4 17. exd4 Nd5 18. Nxg6 Nxc3 19. Ne7+ Kh8 20. bxc3 Rae8 21. Bxb7
Qxb7 22. f5 Nf6 23. fxe6 Qxe7 24. Rfe1 fxe6 25. Qe5 Rf7 26. Rf1 Ref8 27. Qg3 b4
28. Qg6 bxc3 29. Rf2 Qd7 30. Rdf1 c2 31. Qxc2 Nd5 32. Rxf7 Rxf7 33. Rxf7 Qxf7
34. Qxc4 Qh5 0-1

[Event "II Liga CS - Zapad"]
[Site "Vrnjacka banja"]
[Date "2008.09.21"]
[Round "2.3"]
[White "Nikolajevic, Branislav"]
[Black "Jovcic, Zoran"]
[Result "1-0"]
[WhiteElo "2170"]
[BlackElo "2139"]
[PlyCount "99"]
[EventDate "2008.09.14"]

1. e4 c5 2. Nf3 Nc6 3. Nc3 e6 4. d4 cxd4 5. Nxd4 Qc7 6. Be2 Nf6 7. O-O a6 8. a3
Nxd4 9. Qxd4 Bc5 10. Qd3 b5 11. Bf3 Rb8 12. g3 d6 13. Bf4 e5 14. Bg5 Be6 15.
Bxf6 gxf6 16. Nd5 Bxd5 17. Qxd5 Qb7 18. Qd3 Ke7 19. c3 Rbc8 20. Bd1 Rhg8 21.
Bb3 Rg6 22. Kg2 Rcg8 23. Rad1 Rh6 24. h3 Qd7 25. Rh1 Qb7 26. Bd5 Qd7 27. b4 Bb6
28. Bb3 Rd8 29. Qd5 Kf8 30. c4 Bd4 31. cxb5 axb5 32. Rc1 f5 33. Rc6 fxe4 34.
Qxe4 Rf6 35. Rf1 Kg7 36. Bd5 Qa7 37. Qg4+ Kf8 38. Qh4 Qe7 39. Qxh7 Rg6 40. Qh8+
Rg8 41. Qh6+ Rg7 42. Qh8+ Rg8 43. Qh5 Rg6 44. Be4 Rg7 45. Rfc1 Qf6 46. Qh8+ Ke7
47. Qxd8+ Kxd8 48. Rc8+ Kd7 49. R1c7+ Ke6 50. Re8+ 1-0

[Event "II Liga CS - Zapad"]
[Site "Vrnjacka banja"]
[Date "2008.09.21"]
[Round "2.3"]
[White "Djuricic, Toma"]
[Black "Ristovic, Radovan"]
[Result "1-0"]
[WhiteElo "2171"]
[BlackElo "2147"]
[PlyCount "65"]
[EventDate "2008.09.14"]

1. e4 e5 2. Nf3 Nc6 3. Bc4 Bc5 4. Nc3 Nf6 5. O-O O-O 6. a3 d6 7. d3 h6 8. Na4
Bb6 9. Nxb6 axb6 10. c3 Qe7 11. Re1 Be6 12. Bb5 Rfd8 13. h3 Bd7 14. Bc4 Be6 15.
Bb5 Bd7 16. Ba4 Nh7 17. Bb3 Qf6 18. d4 Ne7 19. Kh2 Ng6 20. Be3 Nf4 21. Ng1 Ng5
22. f3 Nfxh3 23. gxh3 Nxh3 24. Qe2 Qh4 25. Nxh3 Bxh3 26. Qf2 Qh5 27. Kg1 exd4
28. cxd4 Qg6+ 29. Kh1 Qh5 30. Bd1 Re8 31. Qe2 Ra5 32. d5 g5 33. Rg1 1-0

[Event "II Liga CS - Zapad"]
[Site "Vrnjacka banja"]
[Date "2008.09.21"]
[Round "2.3"]
[White "Nesic, Dragisa"]
[Black "Jocovic, Slobodan"]
[Result "1-0"]
[WhiteElo "2161"]
[BlackElo "2159"]
[PlyCount "93"]
[EventDate "2008.09.14"]

1. Nf3 Nf6 2. g3 g6 3. Bg2 c5 4. O-O Nc6 5. b3 Bg7 6. Bb2 O-O 7. d3 d5 8. Ne5
Qc7 9. Nxc6 bxc6 10. Nd2 e5 11. c4 d4 12. Ba3 Qd6 13. h3 a5 14. Kh2 Bf5 15. Nf3
Rfe8 16. Kg1 e4 17. Nh4 Bd7 18. dxe4 Nxe4 19. Qd3 Ng5 20. Kh2 f5 21. e3 Nf7 22.
exd4 Bxd4 23. Rad1 Rad8 24. Qd2 Qf6 25. Nf3 Bc3 26. Qc2 f4 27. Rd3 Bd4 28. Nxd4
cxd4 29. Rf3 g5 30. gxf4 Bf5 31. Qd2 h6 32. Rg3 d3 33. Bb2 Qg6 34. Bf3 Re2 35.
Bxe2 dxe2 36. Qxe2 Bd3 37. Qe1 Bxf1 38. Qxf1 Qc2 39. Bc3 Qxa2 40. fxg5 hxg5 41.
Qg2 Qc2 42. h4 Qh7 43. Rxg5+ Kf8 44. Rg4 Rd3 45. Bg7+ Ke7 46. Qxc6 Qf5 47. Re4+
1-0

[Event "II Liga CS - Zapad"]
[Site "Vrnjacka banja"]
[Date "2008.09.21"]
[Round "2.4"]
[White "Ivanovic, Dragutin"]
[Black "Runic, Zoran"]
[Result "0-1"]
[WhiteElo "2343"]
[BlackElo "2462"]
[PlyCount "70"]
[EventDate "2008.09.14"]

1. d4 Nf6 2. c4 c5 3. d5 e6 4. Nc3 exd5 5. cxd5 d6 6. e4 g6 7. f3 Bg7 8. Be3
O-O 9. Qd2 Re8 10. Nge2 a6 11. a4 Nbd7 12. Nc1 Ne5 13. Be2 Rb8 14. O-O Qa5 15.
Ra3 Kh8 16. Nb3 Qb4 17. Na2 Qxd2 18. Nxd2 b5 19. axb5 axb5 20. b4 Ned7 21. Rb1
c4 22. Nc3 Ng8 23. Rd1 f5 24. Kf2 Ne5 25. Ndb1 Nf6 26. exf5 Bxf5 27. Ra5 Bd3
28. Ba7 Bxe2 29. Nxe2 Nd3+ 30. Kf1 Nxd5 31. Bxb8 Ne3+ 32. Kg1 Nxd1 33. Bxd6
Bd4+ 34. Kf1 Ne3+ 35. Kg1 Nf5+ 0-1

[Event "II Liga CS - Zapad"]
[Site "Vrnjacka banja"]
[Date "2008.09.21"]
[Round "2.4"]
[White "Djuric, Zoran"]
[Black "Milanovic, Slavisa"]
[Result "1/2-1/2"]
[WhiteElo "2234"]
[BlackElo "2340"]
[PlyCount "28"]
[EventDate "2008.09.14"]

1. e4 e6 2. d4 d5 3. exd5 exd5 4. Nf3 Nc6 5. Bd3 Bd6 6. O-O Bg4 7. c3 Nge7 8.
Re1 Qd7 9. b4 O-O 10. Nbd2 Ng6 11. Nf1 Rae8 12. Ne3 Nf4 13. Nxg4 Qxg4 14. Bxf4
Bxf4 1/2-1/2

[Event "II Liga CS - Zapad"]
[Site "Vrnjacka banja"]
[Date "2008.09.21"]
[Round "2.4"]
[White "Nikolic, Dragovan"]
[Black "Stojanovic, Marko"]
[Result "1/2-1/2"]
[WhiteElo "2307"]
[BlackElo "2256"]
[PlyCount "49"]
[EventDate "2008.09.14"]

1. c4 Nf6 2. Nf3 e6 3. g3 b6 4. Bg2 Bb7 5. O-O Be7 6. b3 d6 7. Bb2 O-O 8. Nc3
Ne4 9. Qc2 Nxc3 10. Bxc3 f5 11. Bxg7 Kxg7 12. Nd4 Qc8 13. Bxb7 Qxb7 14. Nxe6+
Kf6 15. Nxf8 Bxf8 16. f3 Nc6 17. g4 Qc8 18. e3 Qe6 19. Rae1 Bh6 20. Qxf5+ Qxf5
21. gxf5 Kxf5 22. Re2 a5 23. a4 Re8 24. Rg2 Ne5 25. Rg3 1/2-1/2

[Event "II Liga CS - Zapad"]
[Site "Vrnjacka banja"]
[Date "2008.09.21"]
[Round "2.4"]
[White "Rikalovic, Milan"]
[Black "Vuckovic, Branko"]
[Result "0-1"]
[WhiteElo "2064"]
[BlackElo "2226"]
[PlyCount "58"]
[EventDate "2008.09.14"]

1. e4 Nf6 2. Nc3 e5 3. Nf3 Bb4 4. Bc4 O-O 5. d3 c6 6. O-O d6 7. h3 Be6 8. Bxe6
fxe6 9. a3 Ba5 10. b4 Bc7 11. Nh2 d5 12. Bg5 Nbd7 13. Ng4 Qe8 14. Nxf6+ gxf6
15. Bd2 f5 16. Qe2 Qg6 17. f3 Nf6 18. Kh2 Nh5 19. g4 fxg4 20. fxg4 Nf4 21. Bxf4
exf4 22. e5 Qg5 23. d4 f3 24. Qf2 Bxe5+ 25. Kh1 Bg7 26. Rae1 Qh6 27. Qg3 Bxd4
28. Rxf3 Rxf3 29. Qxf3 Qd2 0-1

[Event "II Liga CS - Zapad"]
[Site "Vrnjacka banja"]
[Date "2008.09.21"]
[Round "2.5"]
[White "Jacimovic, Dragoljub"]
[Black "Milosevic, Boban"]
[Result "1-0"]
[WhiteElo "2417"]
[BlackElo "2291"]
[PlyCount "80"]
[EventDate "2008.09.14"]

1. d4 d5 2. c4 e6 3. Nc3 Nf6 4. cxd5 exd5 5. Bg5 Be7 6. e3 O-O 7. Bd3 c6 8. Qe2
Nbd7 9. Nf3 Re8 10. h3 Nf8 11. Bf4 Bd6 12. Bxd6 Qxd6 13. O-O-O b5 14. Kb1 Bb7
15. g4 a6 16. g5 N6d7 17. h4 Rac8 18. h5 c5 19. dxc5 Rxc5 20. Rh4 Rc7 21. a3
Nc5 22. Rc1 Nxd3 23. Qxd3 Ne6 24. h6 Nc5 25. Qd4 Ne6 26. Qd2 g6 27. Rd1 Rec8
28. Ne4 Qd8 29. Nf6+ Kh8 30. Rd4 Nxg5 31. Nxg5 Qxf6 32. f4 Re8 33. Rc1 Rce7 34.
Rc3 Qf5+ 35. Ka2 f6 36. Nf3 Qh3 37. Qf2 Qxh6 38. Nh2 Qh5 39. a4 bxa4 40. Rb4 d4
1-0

[Event "II Liga CS - Zapad"]
[Site "Vrnjacka banja"]
[Date "2008.09.21"]
[Round "2.5"]
[White "Rancic, Zoran"]
[Black "Zlatanovic, Boroljub"]
[Result "1/2-1/2"]
[WhiteElo "2186"]
[BlackElo "2386"]
[PlyCount "75"]
[EventDate "2008.09.14"]

1. d4 Nf6 2. Nf3 g6 3. g3 Bg7 4. Bg2 O-O 5. O-O d6 6. c4 Nc6 7. Nc3 e5 8. d5
Ne7 9. e4 Ne8 10. Ne1 f5 11. f3 f4 12. Nd3 g5 13. g4 h5 14. h3 c5 15. Bd2 Ng6
16. a3 Bd7 17. Qe2 Rf7 18. Rfc1 Bf8 19. b4 b6 20. b5 Nh4 21. Be1 hxg4 22. hxg4
Qf6 23. Bxh4 gxh4 24. Nf2 Be7 25. Bh3 Qg5 26. a4 Bd8 27. Kh2 Nf6 28. Rg1 Kh8
29. Qd3 Nh7 30. Qe2 Be8 31. Qc2 Qg6 32. Qe2 Ng5 33. Ra2 a6 34. Rga1 Rfa7 35.
Kg2 Qg7 36. Qb2 Qe7 37. Nd3 Kg8 38. Nf2 1/2-1/2

[Event "II Liga CS - Zapad"]
[Site "Vrnjacka banja"]
[Date "2008.09.21"]
[Round "2.5"]
[White "Lazic, Dragoljub"]
[Black "Obradovic, Blazimir"]
[Result "1-0"]
[WhiteElo "2320"]
[BlackElo "2257"]
[PlyCount "97"]
[EventDate "2008.09.14"]

1. e4 e6 2. Nf3 d5 3. Nc3 Nf6 4. e5 Nfd7 5. d4 c5 6. dxc5 Bxc5 7. Bd3 Nc6 8.
Bf4 a6 9. O-O Qc7 10. Qd2 Ne7 11. Rae1 Bb4 12. Nb5 axb5 13. Qxb4 Ra4 14. Qd2
Rxa2 15. Nd4 O-O 16. Nxb5 Qb8 17. Qc3 Ra4 18. Bg3 b6 19. b3 Ra8 20. Bh4 Ng6 21.
Bxg6 hxg6 22. Be7 Ba6 23. Nd6 Re8 24. Nxe8 Qxe8 25. Bd6 Bxf1 26. Kxf1 Qc8 27.
Re3 Qa6+ 28. Qd3 Qa1+ 29. Re1 Qb2 30. Qb5 Ra1 31. Rxa1 Qxa1+ 32. Ke2 Qa7 33. b4
g5 34. Qc6 f6 35. exf6 gxf6 36. Bc7 Nf8 37. Bxb6 Qa6+ 38. b5 Qa4 39. f3 g4 40.
Be3 gxf3+ 41. gxf3 Kf7 42. Qc7+ Kg6 43. b6 Qb5+ 44. Kd2 e5 45. b7 Nd7 46. Qxd7
Qxd7 47. b8=Q d4 48. Qg8+ Kh5 49. Bf2 1-0

[Event "II Liga CS - Zapad"]
[Site "Vrnjacka banja"]
[Date "2008.09.21"]
[Round "2.5"]
[White "Avramovic, Zoran"]
[Black "Komnenic, Branko"]
[Result "1/2-1/2"]
[WhiteElo "2238"]
[BlackElo "2313"]
[PlyCount "143"]
[EventDate "2008.09.14"]

1. e4 c6 2. d4 d5 3. exd5 cxd5 4. Bd3 Nc6 5. c3 Nf6 6. h3 e5 7. dxe5 Nxe5 8.
Bb5+ Bd7 9. Bxd7+ Qxd7 10. Nf3 Nxf3+ 11. Qxf3 Qe6+ 12. Qe3 Bc5 13. Qxe6+ fxe6
14. Ke2 Ne4 15. Be3 Bxe3 16. Kxe3 O-O 17. f3 Nd6 18. Nd2 Rac8 19. Rhe1 Nc4+ 20.
Nxc4 Rxc4 21. Kd3 Kf7 22. Re5 Rfc8 23. Rg5 b5 24. Rg4 h5 25. Rxc4 bxc4+ 26. Kd4
Rb8 27. Rb1 Ke7 28. b4 Kd6 29. f4 Rf8 30. Ke3 h4 31. g4 hxg3 32. Rg1 a5 33. b5
a4 34. Rxg3 Rh8 35. b6 Kc5 36. b7 Kb6 37. Rxg7 Rxh3+ 38. Kd4 Ka7 39. Kc5 Rh8
40. Re7 Rf8 41. Rxe6 Kxb7 42. Rb6+ Kc7 43. Ra6 Rxf4 44. Kxd5 Rh4 45. Rxa4 Rh5+
46. Kxc4 Rh4+ 47. Kb3 Rh1 48. Kb4 Kb6 49. Ra3 Rh4+ 50. c4 Rg4 51. Rh3 Rg6 52.
a4 Rf6 53. Rd3 Kc6 54. Rg3 Rh6 55. a5 Rf6 56. Rg4 Rh6 57. c5 Rh1 58. Rg6+ Kb7
59. Rb6+ Kc7 60. Rg6 Kb7 61. a6+ Kc7 62. Rg3 Rb1+ 63. Rb3 Ra1 64. Kb5 Ra2 65.
Rb4 Ra1 66. Ra4 Rb1+ 67. Kc4 Rc1+ 68. Kb4 Rb1+ 69. Kc3 Rb8 70. a7 Ra8 71. Kc4
Kc6 72. Ra1 1/2-1/2

[Event "II Liga CS - Zapad"]
[Site "Vrnjacka banja"]
[Date "2008.09.21"]
[Round "2.5"]
[White "Rihterovic, Milan"]
[Black "Mircic, Ivan"]
[Result "1/2-1/2"]
[WhiteElo "2252"]
[BlackElo "2230"]
[PlyCount "91"]
[EventDate "2008.09.14"]

1. d4 d5 2. c4 e6 3. Nc3 f5 4. Nf3 Nf6 5. Bf4 c6 6. e3 Be7 7. Bd3 O-O 8. O-O
Ne4 9. Bxe4 fxe4 10. Ne5 Nd7 11. f3 Nxe5 12. Bxe5 exf3 13. Rxf3 Bf6 14. Bxf6
Rxf6 15. Rxf6 Qxf6 16. Qd3 b6 17. cxd5 exd5 18. Rf1 Qe6 19. Ne2 Bd7 20. Nf4 Qe7
21. Rf3 Rf8 22. Rg3 Qe4 23. Qxe4 dxe4 24. Rg5 Rf5 25. Rxf5 Bxf5 26. b4 g5 27.
Ne2 Kf7 28. Kf2 Ke6 29. Nc3 Kd6 30. Ke2 h5 31. Kd2 h4 32. a3 Bg6 33. g3 hxg3
34. hxg3 Bf5 35. Na4 Be6 36. Nc3 Bd5 37. Nd1 Ke6 38. g4 b5 39. Nc3 a6 40. a4
Kd6 41. axb5 axb5 42. Ke1 Ke7 43. Kf2 Kf6 44. Kg3 Kg6 45. Nd1 Kf6 46. Nc3
1/2-1/2